[Event "Barcelona Sant Marti op 04th"]
[Site "Barcelona"]
[Date "2002.04.20"]
[Round "3.43"]
[White "Porras Dalmau, Daniel"]
[Black "Brull Prats, Miquel"]
[Result "1/2-1/2"]
[WhiteElo "1700"]
[BlackElo "1795"]
[PlyCount "50"]
[EventDate "2002.04.06"]
[EventType "swiss"]
[EventRounds "9"]
[EventCountry "ESP"]
[SourceTitle "EXT 2003"]
[Source "ChessBase"]
[SourceDate "2002.11.25"]
[SourceVersion "1"]
[SourceVersionDate "2002.11.25"]
[SourceQuality "1"]

1. e4 c5 2. Nf3 e6 3. d4 cxd4 4. Nxd4 a6 5. Nc3 Qc7 6. Bd3 Nc6 7. Nxc6 Qxc6 8. 0-0 d6 9. Qf3 Nf6 10. Re1 Be7 11. Qg3 Bd7 12. e5 dxe5 13. Qxe5 Bd6 14. Qe2 Qc7 15. g3 h6 16. Ne4 Nxe4 17. Bxe4 Bb5 18. Qf3 0-0-0 19. Re3 Kb8 20. a4 Bc6 21. Bxc6 Qxc6 22. Qxc6 bxc6 23. Rc3 Be7 24. Bf4+ Bd6 25. Bxd6+ Rxd6 1/2-1/2